Flags of European Islands - Statistics

General Stats
  • This quiz has been taken 175 times
  • The average score is 10 of 12
Answer Stats
Picture Hint Answer % Correct
Independent Nation Iceland
99%
Independent Nation Ireland
99%
Independent Nation Malta
98%
Italy Sicily
94%
France Corsica
91%
Italy Sardinia
90%
Denmark Faroe islands
86%
Greece Crete
80%
Finland Åland
75%
Spain Majorca
74%
Portugal Azores
70%
Spain Ibiza
61%
No matching quizzes found
Score Distribution
Percent of People with Each Score
Percentile by Number Answered
Your Score History
You have not taken this quiz